| 000 | 00764nam a22002297a 4500 | ||
|---|---|---|---|
| 999 |
_c2394 _d2394 |
||
| 001 | 2394 | ||
| 003 | BD-JhCC | ||
| 005 | 20171101201045.0 | ||
| 008 | 171101s1961 ii |||| |||| 001 0 be d | ||
| 035 | _a(BD-JhCC)2394 | ||
| 040 |
_aBD-JhCC _dBD-JhCC |
||
| 041 | _aben | ||
| 082 |
_a891.443 _bVAT 1961 |
||
| 100 | _aভট্টাচার্য, দেবীপদ | ||
| 245 |
_aউপন্যাসের কথা / _cদেবীপদ ভট্টাচার্য |
||
| 260 |
_aকলকাতা: _bসুপ্রকাশ প্রাইভেট লিমিটেড, _c১৯৬১, |
||
| 300 |
_a২৪৩ পৃ. : _c২২ সেমি. |
||
| 504 | _aIncludes Index | ||
| 650 | _aHistory of Bengali Novel | ||
| 942 |
_2ddc _cBK |
||